Segunda fila

Uloženo v:
Podrobná bibliografie
Hlavní autor: Thayer Arteaga, William (Autor)
Médium: Kniha
Jazyk:španělština
Vydáno: Santiago, Chile Ediar-Conosur 1987
Témata:
Tagy: Přidat tag
Žádné tagy, Buďte první, kdo vytvoří štítek k tomuto záznamu!

MARC

LEADER 00000nam a2200000 a 4500
001 UCO2498
003 CL-VaPUC
005 20210709001733.0
008 000608e19870000cl |||||||||||||||||spa|d
999 |c 289005  |d 289003 
040 |c Pontificia Universidad Católica de Valparaíso 
082 0 4 |a 983.064 THA 1987  |2 21 
100 0 |a Thayer Arteaga, William  |e author  |9 445746 
245 1 0 |a Segunda fila 
260 |a Santiago, Chile  |b Ediar-Conosur  |c 1987 
300 |a 198 páginas 
583 |a last modification  |c 20171010 12:59:22  |k Rodrigo Vera 
650 7 |a HISTORIA DE CHILE  |2 CL-VaPUC  |9 445747  |y 1925-1973 
650 0 |a Historia social  |z CHILE  |9 313638 
650 0 |a Historia política  |z CHILE  |9 256974 
852 |a BIBCUR 
942 |c BK  |2 ddc 
945 |d 20000608 00:00:00  |a crobeson 
952 |0 0  |1 0  |2 ddc  |4 0  |6 983_064000000000000_THA_1987  |7 0  |8 A  |9 337094  |a BIBHIS  |b BIBHIS  |d 2019-11-20  |i 1279866  |o 983.064 THA 1987  |p 1279866  |r 2025-01-20  |t 1  |w 2019-11-20  |y BK  |k HIS